| 000 | 00839nas a2200277 4500 | ||
|---|---|---|---|
| 001 | BR2012005932 | ||
| 003 | BR-BrBNA | ||
| 005 | 20231205120945.0 | ||
| 007 | ta | ||
| 008 | 230509b bl.|||p| |||| 00| 00por d | ||
| 040 |
_aBR-BrBNA _bpor _cBiblioteca Nacional de Agricultura |
||
| 041 | _a(Pt) | ||
| 072 | _aK50 | ||
| 100 | 1 | _aFerreira, B.S. | |
| 100 | 1 | _aCampos, C.I. de | |
| 100 | 1 | _aSilva, M.S. da | |
| 100 | 1 | _aValarelli, I. de D. | |
| 245 | 1 | _aCisalhamento na linha de cola de compensados de Eucalyptus sp. e adesivo PVA | |
| 650 | _aEUCALIPTO | ||
| 650 | _aPROPRIEDADE MECÂNICA | ||
| 650 | _aPAINÉL DE MADEIRA | ||
| 650 | _aADESIVO | ||
| 773 | 0 |
_tFloresta e Ambiente (Brazil) _xISSN 1415-0980 _g(Apr-Jun 2012), v. 19(2) p. 141-146 _wBR2012005932 |
|
| 909 |
_a202311 _bLúcia _c55 _dLúcia Elande |
||
| 942 |
_2AGRIS _n0 _cANA |
||
| 999 |
_c221173 _d221173 |
||